| 000 | 00451nam a2200133 a 4500 | ||
|---|---|---|---|
| 001 | 000028254 | ||
| 005 | 20200930031459.0 | ||
| 008 | 110407s1995 dr a 000 0 spa d | ||
| 040 |
_aDO-SdBNP _bspa _cBNPHU |
||
| 245 | 0 | 0 |
_aManifiesto de Monte Cristi. : _bconmemoración de su centenario (1895-1995) /. |
| 260 |
_aSanto Domingo, : _bSecretaría de Estado de Educación, Bellas Artes y Cultos, _c1995. |
||
| 300 |
_a37 p. : _bil. ; _c22 cm. |
||
| 049 | _aBNPD | ||
| 999 |
_c27746 _d27746 |
||